Essentials of economics (Record no. 60186)

000 -LEADER
fixed length control field 00443nam a22001817a 4500
003 - CONTROL NUMBER IDENTIFIER
control field NUST-PNEC
005 - DATE AND TIME OF LATEST TRANSACTION
control field 20170114142545.0
008 - FIXED-LENGTH DATA ELEMENTS--GENERAL INFORMATION
fixed length control field 140716b xxu||||| |||| 00| 0 eng d
040 ## - CATALOGING SOURCE
Transcribing agency PNEC
082 ## - DEWEY DECIMAL CLASSIFICATION NUMBER
Classification number 330 AKH
100 ## - MAIN ENTRY--PERSONAL NAME
9 (RLIN) 158
Personal name Akhtar, S.M.
245 ## - TITLE STATEMENT
Title Essentials of economics
Statement of responsibility, etc. S.M. Akhtar
250 ## - EDITION STATEMENT
Edition statement VOL-II
260 ## - PUBLICATION, DISTRIBUTION, ETC.
Place of publication, distribution, etc. Lahore
Name of publisher, distributor, etc. United Publisher(Pvt)Ltd
Date of publication, distribution, etc. c.1990
300 ## - PHYSICAL DESCRIPTION
Extent 268p. :
Dimensions 22 cm.
651 ## - SUBJECT ADDED ENTRY--GEOGRAPHIC NAME
General subdivision MIS
942 ## - ADDED ENTRY ELEMENTS (KOHA)
Source of classification or shelving scheme
Koha item type Book
Holdings
Withdrawn status Lost status Source of classification or shelving scheme Damaged status Not for loan Permanent Location Current Location Date acquired Source of acquisition Cost, normal purchase price Total Checkouts Full call number Barcode Date last seen Cost, replacement price Price effective from Koha item type
          Pakistan Navy Engineering College (PNEC) Pakistan Navy Engineering College (PNEC) 11/01/2003 Donated 50.00   330 AKH PNECBB-000466 07/16/2014 50.00 11/01/2003 Book
© 2023 Central Library, National University of Sciences and Technology. All Rights Reserved.